MARC

LEADER 00000nam0a2200000 4500
001 311071
005 20231102002341.0
035 |a (RuTPU)RU\TPU\book\336426 
090 |a 311071 
100 |a 20151202d1975 m y0rusy50 ca 
101 0 |a rus 
102 |a RU 
105 |a c z 001ay 
200 1 |a Глухая пора листопада  |e роман  |f Ю. В. Давыдов 
205 |a 2-е изд. 
210 |a Москва  |c Молодая гвардия  |d 1975 
215 |a 560 с.  |c портр. 
320 |a Вступительная статья: с. 5-8 
606 1 |a Русская литература современная  |2 stltpush  |3 (RuTPU)RU\TPU\subj\26373  |9 50316 
610 1 |a художественная литература 
610 1 |a романы 
610 1 |a исторические романы 
610 1 |a 19 век 
610 1 |a народники 
610 1 |a революционеры 
675 |a Р2  |v 4 
700 1 |a Давыдов  |b Ю. В.  |g Юрий Владимирович  |4 070 
801 1 |a RU  |b 63413507  |c 20151202 
801 2 |a RU  |b 63413507  |c 20210414  |g RCR 
942 |c BK